Some Cambridge controversies in the theory of capital / (Record no. 42841)
[ view plain ]
| 000 -LEADER | |
|---|---|
| fixed length control field | 00752nam a2200253 a 4500 |
| 001 - CONTROL NUMBER | |
| control field | 42841 |
| 003 - CONTROL NUMBER IDENTIFIER | |
| rucl marc code | BD-RjUL |
| 005 - DATE AND TIME OF LATEST TRANSACTION | |
| control field | 20211209053613.0 |
| 008 - FIXED-LENGTH DATA ELEMENTS--GENERAL INFORMATION | |
| fixed length control field | 160616s1972 enka b 001 0 eng |
| 020 ## - INTERNATIONAL STANDARD BOOK NUMBER | |
| International Standard Book Number | 0521082943 (h. cover) |
| International Standard Book Number | 0521096723 (pbk.) |
| 035 ## - SYSTEM CONTROL NUMBER | |
| System control number | (BD-RjUL)42959 |
| 040 ## - CATALOGING SOURCE | |
| Original cataloging agency | DLC |
| Transcribing agency | DLC |
| Modifying agency | DLC |
| -- | BD-RjUL |
| Language of cataloging | eng |
| 041 ## - LANGUAGE CODE | |
| Language code of text/sound track or separate title | eng |
| 082 00 - DEWEY DECIMAL CLASSIFICATION NUMBER | |
| Classification number | 332.041 |
| Edition number | 23 |
| Author mark and year | HAR 1972 |
| 100 1# - MAIN ENTRY--PERSONAL NAME | |
| Personal name | Harcourt, G. C. |
| 9 (RLIN) | 131329 |
| 245 10 - TITLE STATEMENT | |
| Title | Some Cambridge controversies in the theory of capital / |
| Statement of responsibility, etc. | by, G. C. Harcourt. |
| 260 ## - PUBLICATION, DISTRIBUTION, ETC. (IMPRINT) | |
| Place of publication, distribution, etc. | Cambridge : |
| Name of publisher, distributor, etc. | University Press, |
| Date of publication, distribution, etc. | 1972. |
| 300 ## - PHYSICAL DESCRIPTION | |
| Pagination | x, 272 p. : |
| Illustrations | ill ; |
| Size | 22 cm. |
| 500 ## - GENERAL NOTE | |
| General note | Includes Index |
| 650 #0 - SUBJECT ADDED ENTRY--TOPICAL TERM | |
| Topical term or geographic name as entry element | Capital. |
| 9 (RLIN) | 131622 |
| Topical term or geographic name as entry element | Capital |
| General subdivision | Mathematical models. |
| 9 (RLIN) | 131623 |
| 942 ## - ADDED ENTRY ELEMENTS (KOHA) | |
| Source of classification or shelving scheme | Dewey Decimal Classification |
| Koha item type | Books |
| Lost status | Source of classification or shelving scheme | Damaged status | Not for loan | Collection code | Permanent Location | Current Location | Shelving location | Date acquired | Source of acquisition | Cost, normal purchase price | Total Checkouts | Full call number | Date last seen | Copy number | Koha item type |
|---|---|---|---|---|---|---|---|---|---|---|---|---|---|---|---|
| Dewey Decimal Classification | Non-fiction | Central Library, University of Rajshahi | Central Library, University of Rajshahi | 19/05/1983 | Helf | 16.75 | 332.041 HAR 1972 | 16/06/2016 | C-2 | Books | |||||
| Dewey Decimal Classification | Non-fiction | Central Library, University of Rajshahi | Central Library, University of Rajshahi | 15/06/1982 | Helf | 16.75 | 332.041 HAR 1972 | 16/06/2016 | C-3 | Books |